[Event "Rapid Tournament (RAP)"]
[Site "Biel, CH"]
[Date "2025.07.13"]
[Round "4"]
[White "El-Mais, Ibaa"]
[Black "Groux, Mathias"]
[Result "1-0"]
[Board "36"]
[WhiteFideId "1312715"]
[BlackFideId "1360752"]
[WhiteElo "2140"]
[BlackElo "1804"]
[WhiteTeam "SUI"]
[BlackTeam "SUI"]
[WhiteClock "0:12:47"]
[BlackClock "0:12:56"]
[Variant "Standard"]

1. d4 {[%clk 0:13:27]}  Nf6 {[%clk 0:15:08]} 2. Nf3 {[%clk 0:13:31]}  c5 {[%clk 0:15:08]} 3. e3 {[%clk 0:13:31]}  d5 {[%clk 0:15:02]} 4. c3 {[%clk 0:13:29]}  Nc6 {[%clk 0:14:59]} 5. Nbd2 {[%clk 0:13:33]}  e6 {[%clk 0:14:54]} 6. Bd3 {[%clk 0:13:33]}  Bd6 {[%clk 0:14:22]} 7. dxc5 {[%clk 0:13:36]}  Bxc5 {[%clk 0:14:25]} 8. b4 {[%clk 0:13:40]}  Bd6 {[%clk 0:14:22]} 9. Bb2 {[%clk 0:13:41]}  Ne5 {[%clk 0:13:52]} 10. Nxe5 {[%clk 0:13:40]}  Bxe5 {[%clk 0:13:55]} 11. Nf3 {[%clk 0:13:38]}  Bxc3+ {[%clk 0:13:33]} 12. Bxc3 {[%clk 0:13:39]}  Bd7 {[%clk 0:13:30]} 13. O-O {[%clk 0:13:34]}  O-O {[%clk 0:13:33]} 14. Rc1 {[%clk 0:13:30]}  a5 {[%clk 0:13:25]} 15. bxa5 {[%clk 0:13:24]}  Qe7 {[%clk 0:13:21]} 16. Bb1 {[%clk 0:13:10]}  Ra6 {[%clk 0:13:01]} 17. Qd4 {[%clk 0:12:53]}  Rc6 {[%clk 0:12:56]} 18. Bb4 {[%clk 0:12:47]} 1-0

[Event "Rapid Tournament (RAP)"]
[Site "Biel, CH"]
[Date "2025.07.13"]
[Round "4"]
[White "Laub, Patrick"]
[Black "Hardt, Winfried"]
[Result "1-0"]
[Board "37"]
[WhiteFideId "1302566"]
[BlackFideId "1309293"]
[WhiteElo "2018"]
[BlackElo "1798"]
[WhiteTeam "SUI"]
[BlackTeam "SUI"]
[WhiteClock "0:07:13"]
[BlackClock "0:00:47"]
[Variant "Standard"]

1. e4 {[%clk 0:13:22]}  e6 {[%clk 0:12:06]} 2. d3 {[%clk 0:13:20]}  d5 {[%clk 0:12:09]} 3. Nd2 {[%clk 0:13:24]}  dxe4 {[%clk 0:11:52]} 4. dxe4 {[%clk 0:13:21]}  Nd7 {[%clk 0:11:52]} 5. g3 {[%clk 0:13:20]}  Ngf6 {[%clk 0:11:43]} 6. Bg2 {[%clk 0:13:23]}  Be7 {[%clk 0:11:45]} 7. Ngf3 {[%clk 0:13:27]}  O-O {[%clk 0:11:41]} 8. O-O {[%clk 0:13:29]}  b6 {[%clk 0:11:15]} 9. Re1 {[%clk 0:13:31]}  e5 {[%clk 0:10:32]} 10. Nc4 {[%clk 0:12:52]}  Qe8 {[%clk 0:08:37]} 11. Ncxe5 {[%clk 0:11:38]}  Nxe5 {[%clk 0:08:34]} 12. Nxe5 {[%clk 0:11:41]}  Bb7 {[%clk 0:08:35]} 13. Nd3 {[%clk 0:11:09]}  Rd8 {[%clk 0:06:52]} 14. e5 {[%clk 0:10:26]}  Bxg2 {[%clk 0:05:57]} 15. exf6 {[%clk 0:10:14]}  Qc6 {[%clk 0:06:07]} 16. fxe7 {[%clk 0:10:12]}  Rfe8 {[%clk 0:03:46]} 17. exd8=Q {[%clk 0:09:56]}  Rxd8 {[%clk 0:03:46]} 18. Qe2 {[%clk 0:09:11]}  Bf3 {[%clk 0:01:40]} 19. Qe7 {[%clk 0:07:46]}  Rf8 {[%clk 0:01:07]} 20. Ne5 {[%clk 0:07:15]}  Re8 {[%clk 0:00:47]} 21. Nxc6 {[%clk 0:07:13]} 1-0

[Event "Rapid Tournament (RAP)"]
[Site "Biel, CH"]
[Date "2025.07.13"]
[Round "4"]
[White "Javet, Blaise"]
[Black "Schmied, Stefan"]
[Result "1/2-1/2"]
[Board "38"]
[WhiteFideId "1305026"]
[BlackFideId "1335804"]
[WhiteElo "1995"]
[BlackElo "1798"]
[WhiteTeam "SUI"]
[BlackTeam "SUI"]
[WhiteClock "0:00:58"]
[BlackClock "0:00:00"]
[Variant "Standard"]

1. e4 {[%clk 0:15:08]}  d5 {[%clk 0:14:51]} 2. exd5 {[%clk 0:15:10]}  Qxd5 {[%clk 0:14:55]} 3. Nc3 {[%clk 0:15:13]}  Qd8 {[%clk 0:14:59]} 4. d4 {[%clk 0:15:07]}  c6 {[%clk 0:15:04]} 5. Be2 {[%clk 0:15:08]}  Bf5 {[%clk 0:15:05]} 6. Nf3 {[%clk 0:15:11]}  e6 {[%clk 0:15:09]} 7. O-O {[%clk 0:15:07]}  Nf6 {[%clk 0:15:12]} 8. Re1 {[%clk 0:14:55]}  Be7 {[%clk 0:15:16]} 9. h3 {[%clk 0:14:42]}  Nbd7 {[%clk 0:15:07]} 10. Bf4 {[%clk 0:14:22]}  O-O {[%clk 0:15:06]} 11. Bd3 {[%clk 0:14:15]}  Bxd3 {[%clk 0:15:09]} 12. Qxd3 {[%clk 0:14:18]}  Nd5 {[%clk 0:15:07]} 13. Bg3 {[%clk 0:13:33]}  Nxc3 {[%clk 0:14:30]} 14. bxc3 {[%clk 0:13:28]}  Bf6 {[%clk 0:13:32]} 15. Rab1 {[%clk 0:13:20]}  b6 {[%clk 0:13:20]} 16. a4 {[%clk 0:12:57]}  c5 {[%clk 0:13:04]} 17. d5 {[%clk 0:12:12]}  c4 {[%clk 0:11:25]} 18. Qxc4 {[%clk 0:11:01]}  Rc8 {[%clk 0:11:28]} 19. Qa6 {[%clk 0:10:04]}  Bxc3 {[%clk 0:11:09]} 20. Red1 {[%clk 0:09:57]}  e5 {[%clk 0:10:16]} 21. Qxa7 {[%clk 0:09:17]}  f6 {[%clk 0:07:59]} 22. d6 {[%clk 0:08:36]}  Ba5 {[%clk 0:06:58]} 23. Qb7 {[%clk 0:07:05]}  Rc5 {[%clk 0:05:45]} 24. Qe4 {[%clk 0:06:29]}  g6 {[%clk 0:04:19]} 25. Rb5 {[%clk 0:05:51]}  Kg7 {[%clk 0:03:12]} 26. Qe2 {[%clk 0:04:05]}  Qc8 {[%clk 0:02:46]} 27. Rxc5 {[%clk 0:03:14]}  Qxc5 {[%clk 0:02:45]} 28. Qb5 {[%clk 0:02:26]}  Qxb5 {[%clk 0:02:30]} 29. axb5 {[%clk 0:02:30]}  Rc8 {[%clk 0:02:35]} 30. Nd2 {[%clk 0:02:17]}  Bxd2 {[%clk 0:02:12]} 31. Rxd2 {[%clk 0:02:21]}  Rc5 {[%clk 0:02:14]} 32. f4 {[%clk 0:01:51]}  e4 {[%clk 0:02:01]} 33. Rd4 {[%clk 0:01:26]}  f5 {[%clk 0:01:58]} 34. Ra4 {[%clk 0:01:27]}  Kf7 {[%clk 0:01:32]} 35. c4 {[%clk 0:01:26]}  Ke6 {[%clk 0:01:33]} 36. Bf2 {[%clk 0:01:29]}  Rc8 {[%clk 0:01:29]} 37. Ra6 {[%clk 0:01:13]}  Rxc4 {[%clk 0:01:22]} 38. Bxb6 {[%clk 0:01:11]}  Kxd6 {[%clk 0:00:49]} 39. Bd8+ {[%clk 0:01:04]}  Kd5 {[%clk 0:00:34]} 40. b6 {[%clk 0:00:59]}  Nc5 {[%clk 0:00:28]} 41. Ra5 {[%clk 0:01:00]}  Kc6 {[%clk 0:00:27]} 42. Ra7 {[%clk 0:00:51]}  Nb7 {[%clk 0:00:26]} 43. Bc7 {[%clk 0:00:44]}  Rc2 {[%clk 0:00:26]} 44. Ra8 {[%clk 0:00:43]}  Rc1+ {[%clk 0:00:22]} 45. Kf2 {[%clk 0:00:46]}  Rc2+ {[%clk 0:00:25]} 46. Kf1 {[%clk 0:00:49]}  Rc1+ {[%clk 0:00:27]} 47. Kf2 {[%clk 0:00:53]}  Rc2+ {[%clk 0:00:31]} 48. Kf1 {[%clk 0:00:58]}  Rc3 {[%clk 0:00:00]} 1/2-1/2

[Event "Rapid Tournament (RAP)"]
[Site "Biel, CH"]
[Date "2025.07.13"]
[Round "4"]
[White "Kwiatkowski, Maciej"]
[Black "Boillat, Maxime"]
[Result "1-0"]
[Board "39"]
[WhiteFideId "1360175"]
[BlackFideId "1344188"]
[WhiteElo "1982"]
[BlackElo "1774"]
[WhiteTeam "SUI"]
[BlackTeam "SUI"]
[WhiteClock "0:04:57"]
[BlackClock "0:09:27"]
[Variant "Standard"]

1. e4 {[%clk 0:15:05]}  e6 {[%clk 0:15:05]} 2. d4 {[%clk 0:13:13]}  d5 {[%clk 0:15:00]} 3. Nd2 {[%clk 0:13:14]}  c5 {[%clk 0:15:02]} 4. Ngf3 {[%clk 0:13:15]}  cxd4 {[%clk 0:15:00]} 5. Nxd4 {[%clk 0:13:18]}  Nc6 {[%clk 0:15:03]} 6. Nxc6 {[%clk 0:13:20]}  bxc6 {[%clk 0:15:06]} 7. Bd3 {[%clk 0:13:24]}  Nf6 {[%clk 0:14:44]} 8. O-O {[%clk 0:13:15]}  e5 {[%clk 0:14:17]} 9. Qe2 {[%clk 0:11:52]}  Bd6 {[%clk 0:14:12]} 10. f4 {[%clk 0:10:29]}  O-O {[%clk 0:12:40]} 11. exd5 {[%clk 0:08:26]}  Re8 {[%clk 0:12:43]} 12. Ne4 {[%clk 0:07:07]}  Nxe4 {[%clk 0:12:19]} 13. Qxe4 {[%clk 0:05:46]}  f5 {[%clk 0:12:23]} 14. Qc4 {[%clk 0:05:49]}  e4 {[%clk 0:11:43]} 15. Be2 {[%clk 0:05:21]}  Qb6+ {[%clk 0:11:23]} 16. Kh1 {[%clk 0:05:22]}  cxd5 {[%clk 0:10:09]} 17. Qxd5+ {[%clk 0:05:24]}  Be6 {[%clk 0:10:13]} 18. Qb5 {[%clk 0:05:28]}  Qc7 {[%clk 0:09:59]} 19. c4 {[%clk 0:04:51]}  Rab8 {[%clk 0:09:55]} 20. Qa4 {[%clk 0:04:55]}  Rb4 {[%clk 0:09:27]} 21. Qxe8+ {[%clk 0:04:57]} 1-0

[Event "Rapid Tournament (RAP)"]
[Site "Biel, CH"]
[Date "2025.07.13"]
[Round "4"]
[White "Peter, Raymond"]
[Black "Paholok, Igor"]
[Result "0-1"]
[Board "40"]
[WhiteFideId "1308890"]
[BlackFideId "1338951"]
[WhiteElo "1968"]
[BlackElo "1765"]
[WhiteTeam "SUI"]
[BlackTeam "SUI"]
[WhiteClock "0:07:03"]
[BlackClock "0:00:24"]
[Variant "Standard"]

1. e4 {[%clk 0:15:07]}  e6 {[%clk 0:15:09]} 2. d4 {[%clk 0:15:09]}  d5 {[%clk 0:15:07]} 3. exd5 {[%clk 0:15:05]}  exd5 {[%clk 0:15:10]} 4. Nf3 {[%clk 0:15:08]}  Bg4 {[%clk 0:15:06]} 5. Be2 {[%clk 0:15:12]}  Bd6 {[%clk 0:14:54]} 6. h3 {[%clk 0:15:14]}  Bh5 {[%clk 0:14:57]} 7. O-O {[%clk 0:15:17]}  Ne7 {[%clk 0:14:54]} 8. Ne5 {[%clk 0:14:48]}  Bg6 {[%clk 0:14:09]} 9. Nxg6 {[%clk 0:14:49]}  hxg6 {[%clk 0:14:12]} 10. Nd2 {[%clk 0:14:53]}  Nd7 {[%clk 0:13:40]} 11. Nf3 {[%clk 0:14:55]}  f6 {[%clk 0:13:17]} 12. Re1 {[%clk 0:14:50]}  c6 {[%clk 0:13:03]} 13. Bd3 {[%clk 0:14:53]}  Nf8 {[%clk 0:12:21]} 14. c4 {[%clk 0:14:16]}  dxc4 {[%clk 0:12:13]} 15. Bxc4 {[%clk 0:14:04]}  Qd7 {[%clk 0:11:44]} 16. d5 {[%clk 0:14:03]}  O-O-O {[%clk 0:10:43]} 17. dxc6 {[%clk 0:14:06]}  Nxc6 {[%clk 0:10:26]} 18. Be3 {[%clk 0:12:27]}  g5 {[%clk 0:09:01]} 19. Bd5 {[%clk 0:12:00]}  Kb8 {[%clk 0:08:39]} 20. Bxc6 {[%clk 0:11:52]}  Qxc6 {[%clk 0:08:41]} 21. Nd4 {[%clk 0:11:08]}  Qd7 {[%clk 0:06:35]} 22. Qb3 {[%clk 0:09:51]}  g4 {[%clk 0:06:43]} 23. Nb5 {[%clk 0:09:29]}  gxh3 {[%clk 0:05:31]} 24. Nxd6 {[%clk 0:09:03]}  hxg2 {[%clk 0:04:13]} 25. Qxb7+ {[%clk 0:09:05]}  Qxb7 {[%clk 0:04:09]} 26. Nxb7 {[%clk 0:09:09]}  Kxb7 {[%clk 0:03:07]} 27. Kxg2 {[%clk 0:09:00]}  Ng6 {[%clk 0:02:58]} 28. Rac1 {[%clk 0:08:44]}  Ne5 {[%clk 0:02:43]} 29. Rc3 {[%clk 0:08:10]}  Rc8 {[%clk 0:01:58]} 30. Rb3+ {[%clk 0:08:13]}  Ka8 {[%clk 0:01:47]} 31. Ra3 {[%clk 0:08:08]}  Rc7 {[%clk 0:01:28]} 32. Bf4 {[%clk 0:08:11]}  Rh5 {[%clk 0:00:45]} 33. Rd1 {[%clk 0:08:04]}  Rd7 {[%clk 0:00:28]} 34. Rc1 {[%clk 0:07:48]}  Nd3 {[%clk 0:00:21]} 35. Rc8+ {[%clk 0:07:44]}  Kb7 {[%clk 0:00:23]} 36. Rb8+ {[%clk 0:07:43]}  Kc6 {[%clk 0:00:19]} 37. Rc3+ {[%clk 0:07:37]}  Rc5 {[%clk 0:00:21]} 38. Rc8+ {[%clk 0:07:34]}  Kb7 {[%clk 0:00:09]} 39. R8xc5 {[%clk 0:07:32]}  Nxf4+ {[%clk 0:00:08]} 40. Kg3 {[%clk 0:07:27]}  Ne2+ {[%clk 0:00:12]} 41. Kg2 {[%clk 0:07:29]}  Nxc3 {[%clk 0:00:14]} 42. Rxc3 {[%clk 0:07:33]}  Rd2 {[%clk 0:00:16]} 43. Rb3+ {[%clk 0:07:35]}  Kc6 {[%clk 0:00:12]} 44. Kg3 {[%clk 0:07:31]}  Rd7 {[%clk 0:00:11]} 45. a4 {[%clk 0:07:33]}  Kc5 {[%clk 0:00:13]} 46. Rc3+ {[%clk 0:07:34]}  Kb4 {[%clk 0:00:16]} 47. Ra3 {[%clk 0:07:31]}  Rd2 {[%clk 0:00:16]} 48. Re3 {[%clk 0:07:23]}  Rd7 {[%clk 0:00:11]} 49. b3 {[%clk 0:07:27]}  Rc7 {[%clk 0:00:11]} 50. Rd3 {[%clk 0:07:23]}  Rc3 {[%clk 0:00:15]} 51. Re3 {[%clk 0:06:51]}  Rxe3+ {[%clk 0:00:13]} 52. fxe3 {[%clk 0:06:55]}  Kxb3 {[%clk 0:00:16]} 53. Kg4 {[%clk 0:07:00]}  g6 {[%clk 0:00:20]} 54. e4 {[%clk 0:07:03]}  Kxa4 {[%clk 0:00:24]} 0-1

[Event "Rapid Tournament (RAP)"]
[Site "Biel, CH"]
[Date "2025.07.13"]
[Round "4"]
[White "Corbat, Philippe"]
[Black "von Burg, Carl Alexander"]
[Result "1-0"]
[Board "41"]
[WhiteFideId "1304496"]
[BlackFideId "1352458"]
[WhiteElo "1957"]
[BlackElo "1726"]
[WhiteTeam "SUI"]
[BlackTeam "SUI"]
[WhiteClock "0:06:55"]
[BlackClock "0:07:14"]
[Variant "Standard"]

1. e4 {[%clk 0:12:12]}  c5 {[%clk 0:15:09]} 2. a3 {[%clk 0:12:14]}  Nc6 {[%clk 0:15:06]} 3. b4 {[%clk 0:12:17]}  cxb4 {[%clk 0:14:50]} 4. axb4 {[%clk 0:12:19]}  Nxb4 {[%clk 0:14:53]} 5. c3 {[%clk 0:12:19]}  Nc6 {[%clk 0:14:56]} 6. d4 {[%clk 0:12:22]}  d5 {[%clk 0:13:53]} 7. exd5 {[%clk 0:12:21]}  Qxd5 {[%clk 0:13:55]} 8. Na3 {[%clk 0:12:23]}  Nf6 {[%clk 0:13:18]} 9. Nb5 {[%clk 0:12:18]}  Qd8 {[%clk 0:12:36]} 10. d5 {[%clk 0:12:08]}  Nb8 {[%clk 0:11:11]} 11. Bf4 {[%clk 0:10:41]}  e5 {[%clk 0:08:52]} 12. Bxe5 {[%clk 0:09:38]}  Qe7 {[%clk 0:08:52]} 13. Nf3 {[%clk 0:08:55]}  Na6 {[%clk 0:07:49]} 14. d6 {[%clk 0:07:21]}  Qd8 {[%clk 0:07:14]} 15. Rxa6 {[%clk 0:06:56]}  bxa6 {[%clk 0:07:17]} 16. Nc7+ {[%clk 0:06:56]}  Kd7 {[%clk 0:07:14]} 17. Qa4# {[%clk 0:06:55]} 1-0

[Event "Rapid Tournament (RAP)"]
[Site "Biel, CH"]
[Date "2025.07.13"]
[Round "4"]
[White "Wilhelm, Serge"]
[Black "Boyer, Jean-Francois"]
[Result "0-1"]
[Board "42"]
[WhiteFideId "1305808"]
[BlackFideId "650226"]
[WhiteElo "1947"]
[BlackElo "1697"]
[WhiteTeam "SUI"]
[BlackTeam "FRA"]
[WhiteClock "0:05:08"]
[BlackClock "0:01:24"]
[Variant "Standard"]

1. d4 {[%clk 0:15:09]}  d5 {[%clk 0:15:06]} 2. Nc3 {[%clk 0:15:12]}  c6 {[%clk 0:14:58]} 3. Bf4 {[%clk 0:15:14]}  Nf6 {[%clk 0:14:42]} 4. e3 {[%clk 0:15:15]}  Bf5 {[%clk 0:14:14]} 5. f3 {[%clk 0:15:17]}  Qa5 {[%clk 0:13:40]} 6. g4 {[%clk 0:15:04]}  Bg6 {[%clk 0:13:10]} 7. h4 {[%clk 0:15:06]}  h5 {[%clk 0:12:53]} 8. g5 {[%clk 0:15:09]}  Nfd7 {[%clk 0:11:48]} 9. Bd3 {[%clk 0:15:09]}  Bxd3 {[%clk 0:11:04]} 10. Qxd3 {[%clk 0:15:12]}  g6 {[%clk 0:10:39]} 11. Nge2 {[%clk 0:15:03]}  Bg7 {[%clk 0:10:28]} 12. O-O {[%clk 0:13:27]}  O-O {[%clk 0:09:56]} 13. e4 {[%clk 0:12:39]}  e5 {[%clk 0:09:51]} 14. dxe5 {[%clk 0:11:34]}  Nxe5 {[%clk 0:09:23]} 15. Bxe5 {[%clk 0:11:07]}  dxe4 {[%clk 0:08:18]} 16. Qxe4 {[%clk 0:10:38]}  Bxe5 {[%clk 0:07:20]} 17. f4 {[%clk 0:10:30]}  Bc7 {[%clk 0:05:46]} 18. f5 {[%clk 0:10:12]}  Qe5 {[%clk 0:04:20]} 19. Qxe5 {[%clk 0:09:29]}  Bxe5 {[%clk 0:04:24]} 20. fxg6 {[%clk 0:09:32]}  fxg6 {[%clk 0:04:28]} 21. Rxf8+ {[%clk 0:09:34]}  Kxf8 {[%clk 0:04:31]} 22. Rf1+ {[%clk 0:09:37]}  Kg7 {[%clk 0:04:29]} 23. Nf4 {[%clk 0:09:28]}  Bxf4 {[%clk 0:04:09]} 24. Rxf4 {[%clk 0:09:31]}  Nd7 {[%clk 0:04:13]} 25. Rd4 {[%clk 0:07:53]}  Ne5 {[%clk 0:03:55]} 26. Kg2 {[%clk 0:07:45]}  Rf8 {[%clk 0:03:53]} 27. Ne4 {[%clk 0:07:18]}  Rf4 {[%clk 0:03:19]} 28. Kg3 {[%clk 0:06:36]}  Rxh4 {[%clk 0:03:01]} 29. Rb4 {[%clk 0:05:36]}  Rg4+ {[%clk 0:02:59]} 30. Kh3 {[%clk 0:05:40]}  b5 {[%clk 0:02:58]} 31. c3 {[%clk 0:05:03]}  Nf3 {[%clk 0:02:45]} 32. a4 {[%clk 0:04:46]}  Nxg5+ {[%clk 0:02:29]} 33. Nxg5 {[%clk 0:04:50]}  Rxg5 {[%clk 0:02:32]} 34. axb5 {[%clk 0:04:49]}  cxb5 {[%clk 0:02:35]} 35. Rd4 {[%clk 0:04:53]}  a5 {[%clk 0:02:27]} 36. Rd7+ {[%clk 0:04:56]}  Kf6 {[%clk 0:02:27]} 37. Ra7 {[%clk 0:05:00]}  a4 {[%clk 0:02:30]} 38. Rb7 {[%clk 0:04:51]}  Rd5 {[%clk 0:02:25]} 39. Rb6+ {[%clk 0:05:05]}  Kg5 {[%clk 0:02:28]} 40. Kg3 {[%clk 0:05:06]}  Kf5 {[%clk 0:02:27]} 41. Kf3 {[%clk 0:05:08]}  g5 {[%clk 0:02:29]} 42. Kg3 {[%clk 0:05:11]}  h4+ {[%clk 0:02:03]} 43. Kh3 {[%clk 0:05:14]}  Kf4 {[%clk 0:01:37]} 44. Rb7 {[%clk 0:05:05]}  Rd3+ {[%clk 0:01:31]} 45. Kg2 {[%clk 0:05:09]}  h3+ {[%clk 0:01:27]} 46. Kh2 {[%clk 0:05:11]}  Kg4 {[%clk 0:01:31]} 47. Rxb5 {[%clk 0:05:12]}  Rd2+ {[%clk 0:01:33]} 48. Kg1 {[%clk 0:05:14]}  Kh4 {[%clk 0:01:29]} 49. Rb4+ {[%clk 0:05:11]}  Kg3 {[%clk 0:01:27]} 50. Kf1 {[%clk 0:05:07]}  Rf2+ {[%clk 0:01:21]} 51. Ke1 {[%clk 0:05:08]}  h2 {[%clk 0:01:24]} 0-1

[Event "Rapid Tournament (RAP)"]
[Site "Biel, CH"]
[Date "2025.07.13"]
[Round "4"]
[White "Ernst, Rolf"]
[Black "Burri, Nicolas"]
[Result "1-0"]
[Board "43"]
[WhiteFideId "4611101"]
[BlackFideId "1361449"]
[WhiteTitle "FM"]
[WhiteElo "1941"]
[BlackElo "1695"]
[WhiteTeam "SUI"]
[BlackTeam "SUI"]
[WhiteClock "0:05:39"]
[BlackClock "0:00:08"]
[Variant "Standard"]

1. d4 {[%clk 0:15:06]}  Nf6 {[%clk 0:15:09]} 2. Nf3 {[%clk 0:15:08]}  g6 {[%clk 0:15:09]} 3. Bf4 {[%clk 0:15:07]}  Bg7 {[%clk 0:14:53]} 4. e3 {[%clk 0:15:09]}  d6 {[%clk 0:14:52]} 5. h3 {[%clk 0:15:12]}  O-O {[%clk 0:14:31]} 6. c4 {[%clk 0:15:14]}  b6 {[%clk 0:14:03]} 7. Nc3 {[%clk 0:15:10]}  Bb7 {[%clk 0:13:45]} 8. Be2 {[%clk 0:15:13]}  Nbd7 {[%clk 0:13:29]} 9. O-O {[%clk 0:15:05]}  Nh5 {[%clk 0:11:43]} 10. Bh2 {[%clk 0:15:00]}  e5 {[%clk 0:10:56]} 11. Rc1 {[%clk 0:14:52]}  f5 {[%clk 0:10:14]} 12. b4 {[%clk 0:14:44]}  exd4 {[%clk 0:09:19]} 13. Nxd4 {[%clk 0:13:59]}  Qe7 {[%clk 0:08:55]} 14. Bf3 {[%clk 0:12:38]}  Bxf3 {[%clk 0:08:26]} 15. Nxf3 {[%clk 0:12:32]}  Nhf6 {[%clk 0:07:25]} 16. Nd4 {[%clk 0:12:05]}  Ne5 {[%clk 0:05:28]} 17. Nd5 {[%clk 0:11:54]}  Qf7 {[%clk 0:04:52]} 18. f4 {[%clk 0:10:44]}  Nxd5 {[%clk 0:04:24]} 19. cxd5 {[%clk 0:10:39]}  Nd7 {[%clk 0:02:36]} 20. Ne6 {[%clk 0:10:16]}  Rfc8 {[%clk 0:01:45]} 21. Nxg7 {[%clk 0:09:26]}  Kxg7 {[%clk 0:01:42]} 22. e4 {[%clk 0:08:51]}  fxe4 {[%clk 0:00:42]} 23. Qd4+ {[%clk 0:08:45]}  Kg8 {[%clk 0:00:38]} 24. Rfd1 {[%clk 0:08:24]}  Nf6 {[%clk 0:00:41]} 25. Qd2 {[%clk 0:08:07]}  a5 {[%clk 0:00:39]} 26. a3 {[%clk 0:08:03]}  axb4 {[%clk 0:00:22]} 27. axb4 {[%clk 0:08:07]}  Ra4 {[%clk 0:00:24]} 28. f5 {[%clk 0:07:59]}  gxf5 {[%clk 0:00:21]} 29. Bxd6 {[%clk 0:08:00]}  Rd8 {[%clk 0:00:14]} 30. Rxc7 {[%clk 0:07:28]}  Qe8 {[%clk 0:00:07]} 31. Re7 {[%clk 0:06:10]}  Qg6 {[%clk 0:00:09]} 32. Qf4 {[%clk 0:05:56]}  Rxb4 {[%clk 0:00:08]} 33. Bxb4 {[%clk 0:05:39]} 1-0

[Event "Rapid Tournament (RAP)"]
[Site "Biel, CH"]
[Date "2025.07.13"]
[Round "4"]
[White "Dalay, Hakki Dogan"]
[Black "Buerki, Gilles"]
[Result "1-0"]
[Board "44"]
[WhiteFideId "1364782"]
[BlackFideId "1313541"]
[WhiteElo "1795"]
[BlackElo "1879"]
[WhiteTeam "SUI"]
[BlackTeam "SUI"]
[WhiteClock "0:00:21"]
[BlackClock "0:00:54"]
[Variant "Standard"]

1. d4 {[%clk 0:14:27]}  Nf6 {[%clk 0:15:08]} 2. c4 {[%clk 0:14:30]}  c5 {[%clk 0:15:11]} 3. e3 {[%clk 0:14:23]}  e6 {[%clk 0:15:10]} 4. Nc3 {[%clk 0:14:25]}  d5 {[%clk 0:14:45]} 5. Nf3 {[%clk 0:14:16]}  Be7 {[%clk 0:12:40]} 6. dxc5 {[%clk 0:12:35]}  Bxc5 {[%clk 0:14:24]} 7. cxd5 {[%clk 0:12:21]}  exd5 {[%clk 0:14:27]} 8. Bd3 {[%clk 0:11:39]}  O-O {[%clk 0:14:21]} 9. O-O {[%clk 0:11:42]}  Nc6 {[%clk 0:13:11]} 10. h3 {[%clk 0:11:31]}  d4 {[%clk 0:11:51]} 11. Na4 {[%clk 0:09:18]}  Bb6 {[%clk 0:11:27]} 12. Nxb6 {[%clk 0:09:46]}  Qxb6 {[%clk 0:11:12]} 13. exd4 {[%clk 0:09:24]}  Rd8 {[%clk 0:09:53]} 14. Bg5 {[%clk 0:09:02]}  Nxd4 {[%clk 0:07:29]} 15. b3 {[%clk 0:06:52]}  Bf5 {[%clk 0:09:24]} 16. Bc4 {[%clk 0:05:05]}  Ne6 {[%clk 0:08:59]} 17. Qc1 {[%clk 0:04:49]}  Nxg5 {[%clk 0:08:41]} 18. Qxg5 {[%clk 0:04:24]}  Bd3 {[%clk 0:06:34]} 19. Bxd3 {[%clk 0:04:19]}  Rxd3 {[%clk 0:06:31]} 20. Rfe1 {[%clk 0:03:56]}  Rad8 {[%clk 0:05:58]} 21. Re7 {[%clk 0:03:09]}  Rd1+ {[%clk 0:06:55]} 22. Rxd1 {[%clk 0:01:25]}  Rxd1+ {[%clk 0:06:59]} 23. Kh2 {[%clk 0:01:29]}  h6 {[%clk 0:06:38]} 24. Qe5 {[%clk 0:00:31]}  Rd5 {[%clk 0:06:30]} 25. Qb8+ {[%clk 0:00:16]}  Rd8 {[%clk 0:06:26]} 26. Qxb7 {[%clk 0:01:13]}  Qd6+ {[%clk 0:05:49]} 27. Kg1 {[%clk 0:00:45]}  Qf4 {[%clk 0:05:35]} 28. g3 {[%clk 0:00:40]}  Rd1+ {[%clk 0:02:36]} 29. Kg2 {[%clk 0:00:12]}  Qc1 {[%clk 0:02:29]} 30. Rxf7 {[%clk 0:00:31]}  Nh5 {[%clk 0:02:03]} 31. Rc7 {[%clk 0:00:28]}  Qb1 {[%clk 0:01:47]} 32. Rc8+ {[%clk 0:00:25]}  Kh7 {[%clk 0:01:48]} 33. Qf7 {[%clk 0:00:28]}  Nf6 {[%clk 0:00:54]} 34. Rc7 {[%clk 0:00:21]} 1-0

[Event "Rapid Tournament (RAP)"]
[Site "Biel, CH"]
[Date "2025.07.13"]
[Round "4"]
[White "Schreiber, Edwin"]
[Black "Koehler, Noe"]
[Result "0-1"]
[Board "45"]
[WhiteFideId "2011921"]
[BlackFideId "1362488"]
[WhiteElo "1863"]
[BlackElo "1680"]
[WhiteTeam "USA"]
[BlackTeam "SUI"]
[WhiteClock "0:06:54"]
[BlackClock "0:08:05"]
[Variant "Standard"]

1. e4 {[%clk 0:13:17]}  c5 {[%clk 0:15:09]} 2. Nf3 {[%clk 0:13:21]}  e6 {[%clk 0:15:13]} 3. d4 {[%clk 0:13:22]}  cxd4 {[%clk 0:15:17]} 4. Nxd4 {[%clk 0:13:25]}  Nc6 {[%clk 0:15:21]} 5. Nxc6 {[%clk 0:13:05]}  bxc6 {[%clk 0:15:25]} 6. Bd3 {[%clk 0:12:54]}  Qc7 {[%clk 0:15:28]} 7. O-O {[%clk 0:12:53]}  Nf6 {[%clk 0:15:07]} 8. Nc3 {[%clk 0:12:49]}  d5 {[%clk 0:15:01]} 9. Re1 {[%clk 0:12:33]}  Be7 {[%clk 0:15:03]} 10. exd5 {[%clk 0:12:21]}  cxd5 {[%clk 0:15:02]} 11. Bg5 {[%clk 0:11:52]}  O-O {[%clk 0:15:02]} 12. h3 {[%clk 0:11:38]}  Rb8 {[%clk 0:15:01]} 13. Rb1 {[%clk 0:11:15]}  Re8 {[%clk 0:14:14]} 14. Qd2 {[%clk 0:10:36]}  Bb7 {[%clk 0:14:05]} 15. Bf4 {[%clk 0:10:31]}  Bd6 {[%clk 0:14:07]} 16. Bxd6 {[%clk 0:10:13]}  Qxd6 {[%clk 0:14:08]} 17. Qg5 {[%clk 0:10:00]}  h6 {[%clk 0:13:37]} 18. Qh4 {[%clk 0:09:37]}  d4 {[%clk 0:12:29]} 19. Ne4 {[%clk 0:09:19]}  Nxe4 {[%clk 0:12:26]} 20. Bxe4 {[%clk 0:09:22]}  Bxe4 {[%clk 0:12:29]} 21. Qxe4 {[%clk 0:09:24]}  Rec8 {[%clk 0:12:23]} 22. Red1 {[%clk 0:09:16]}  Qc5 {[%clk 0:12:03]} 23. Rd2 {[%clk 0:08:07]}  Rb4 {[%clk 0:10:36]} 24. b3 {[%clk 0:07:38]}  Qc3 {[%clk 0:09:24]} 25. a3 {[%clk 0:07:27]}  Qxd2 {[%clk 0:08:34]} 26. axb4 {[%clk 0:07:24]}  Qxc2 {[%clk 0:08:03]} 27. Ra1 {[%clk 0:06:54]}  Qxe4 {[%clk 0:08:05]} 0-1